[Event "Junior Online 4NCL Division 4"]
[Site "online"]
[Date "2020.10.29"]
[Round "6.105"]
[White "Moser, Benjamin"]
[Black "Milani-Foglia, Aurelio"]
[Result "1-0"]
[WhiteElo "1532"]
[BlackElo "1352"]
[PlyCount "47"]
[EventDate "2020.10.29"]
[WhiteTeam "The Hall 1"]
[BlackTeam "May The Fork Be With You 4"]

1. d4 d5 2. Nf3 Nf6 3. Bf4 Bf5 4. e3 e6 5. c3 Bd6 6. Nbd2 c5 7. Bb5+ Nc6 8.
Bxd6 Qxd6 9. Ne5 O-O 10. Bxc6 bxc6 11. O-O Rab8 12. b3 c4 13. bxc4 dxc4 14.
Ndxc4 Bd3 15. Qxd3 Nd5 16. Nxd6 f6 17. Nd7 Rbd8 18. Nxf8 Rxd6 19. Nxe6 Rxe6 20.
c4 Nb4 21. Qb3 Na6 22. c5 Nc7 23. Qb8+ Ne8 24. Qxa7 1-0

[Event "Junior Online 4NCL Division 4"]
[Site "online"]
[Date "2020.10.29"]
[Round "6.106"]
[White "Joshi, Aarav"]
[Black "Smolders, Thomas"]
[Result "1-0"]
[WhiteElo "1225"]
[BlackElo "1427"]
[PlyCount "101"]
[EventDate "2020.10.29"]
[WhiteTeam "May The Fork Be With You 4"]
[BlackTeam "The Hall 1"]

1. e4 e5 2. Nf3 Nc6 3. Bc4 Bc5 4. c3 Nf6 5. d4 exd4 6. cxd4 Bb4+ 7. Nc3 Nxe4 8.
O-O Bxc3 9. d5 O-O 10. bxc3 Na5 11. Bd3 Nf6 12. Qa4 b6 13. Qd4 Bb7 14. c4 c6
15. Bb2 cxd5 16. cxd5 Bxd5 17. Ne5 Nc6 18. Nxc6 dxc6 19. Rac1 Bxa2 20. Rxc6
Qxd4 21. Bxd4 Rac8 22. Rfc1 Rxc6 23. Rxc6 Rd8 24. Bxf6 gxf6 25. Be2 Rd2 26. Kf1
Kg7 27. Ke1 Rd7 28. Rc3 Be6 29. Rg3+ Kf8 30. Rf3 Ke7 31. Re3 Rd6 32. f4 f5 33.
g4 fxg4 34. f5 g3 35. hxg3 Kd7 36. fxe6+ Rxe6 37. Rxe6 fxe6 38. g4 h6 39. Ba6
Ke7 40. Ke2 Kf6 41. Kf3 Ke5 42. Ke3 Kf6 43. Kf4 e5+ 44. Ke4 Kg5 45. Kf3 e4+ 46.
Kg3 e3 47. Kf3 Kh4 48. Kf4 h5 49. g5 Kh3 50. g6 Kg2 51. g7 1-0

[Event "Junior Online 4NCL Division 4"]
[Site "online"]
[Date "2020.10.29"]
[Round "6.107"]
[White "Jhamna, Florian"]
[Black "Srinivasan, Gowri"]
[Result "0-1"]
[WhiteElo "1405"]
[BlackElo "1262"]
[PlyCount "40"]
[EventDate "2020.10.29"]
[WhiteTeam "The Hall 1"]
[BlackTeam "May The Fork Be With You 4"]

1. e4 e5 2. Bc4 Nf6 3. Nc3 Nc6 4. d3 Bc5 5. Bg5 Be7 6. Nf3 h6 7. Bxf6 Bxf6 8.
O-O d6 9. Nd5 Be6 10. Nxf6+ Qxf6 11. Bxe6 Qxe6 12. c3 O-O-O 13. d4 exd4 14.
cxd4 Qxe4 15. d5 Ne5 16. Nxe5 dxe5 17. Re1 Qxd5 18. Qg4+ Kb8 19. Qxg7 Rhg8 20.
Qxe5 Qxg2# 0-1

[Event "Junior Online 4NCL Division 4"]
[Site "online"]
[Date "2020.10.29"]
[Round "6.108"]
[White "Barbier-Ramaiah, Rohan Theo"]
[Black "Patel, Ishaan"]
[Result "0-1"]
[WhiteElo "1180"]
[BlackElo "1345"]
[PlyCount "88"]
[EventDate "2020.10.29"]
[WhiteTeam "May The Fork Be With You 4"]
[BlackTeam "The Hall 1"]

1. d4 d5 2. c4 c6 3. Nc3 Nf6 4. Bg5 Nbd7 5. Nf3 h6 6. Bh4 e6 7. Qc2 Bd6 8. c5
Bc7 9. e3 O-O 10. Bd3 Re8 11. O-O e5 12. dxe5 Nxe5 13. Bh7+ Kh8 14. Nxe5 Bxe5
15. e4 g5 16. Bg3 Nxh7 17. Bxe5+ Rxe5 18. exd5 cxd5 19. Rad1 Be6 20. f4 gxf4
21. Rxf4 Qg5 22. Rdf1 Rg8 23. g3 Re3 24. Rxf7 Bxf7 25. Rxf7 Rxg3+ 26. Kf1 Rg1+
27. Ke2 Rg2+ 28. Rf2 Rxf2+ 29. Kxf2 Qg2+ 30. Ke3 Qxc2 31. Nxd5 Re8+ 32. Kd4
Qe4+ 33. Kc3 Qxd5 34. b3 Re3+ 35. Kb4 a5+ 36. Kb5 Re5 37. b4 axb4 38. Kxb4
Qxc5+ 39. Kb3 Re3+ 40. Kb2 Rf3 41. Kb1 Rf2 42. a4 Qc2+ 43. Ka1 Rxh2 44. a5 Qb2#
0-1

[Event "Junior Online 4NCL Division 4"]
[Site "online"]
[Date "2020.10.29"]
[Round "6.111"]
[White "Smith, Ryan S"]
[Black "Nilim, Armaan"]
[Result "1-0"]
[WhiteElo "1765"]
[BlackElo "1285"]
[PlyCount "45"]
[EventDate "2020.10.29"]
[WhiteTeam "KEGS Chelmsford"]
[BlackTeam "JHJ 6"]

1. e4 c5 2. Nf3 Nc6 3. d4 cxd4 4. Nxd4 Nf6 5. Nc3 e5 6. Ndb5 d6 7. Nd5 a6 8.
Nbc7+ Kd7 9. Nxa8 b5 10. Nab6+ Ke8 11. Nxf6+ gxf6 12. Nxc8 Qxc8 13. a4 bxa4 14.
Rxa4 Qd7 15. Rxa6 Be7 16. Bb5 Kf8 17. Bxc6 Qc8 18. Ra8 Qxa8 19. Bxa8 Kg7 20.
Qg4+ Kf8 21. Bh6+ Ke8 22. Bc6+ Kd8 23. Qd7# 1-0

[Event "Junior Online 4NCL Division 4"]
[Site "online"]
[Date "2020.10.29"]
[Round "6.112"]
[White "Pipalia, Rishi"]
[Black "Caves, Fraser"]
[Result "0-1"]
[WhiteElo "1202"]
[BlackElo "1427"]
[PlyCount "60"]
[EventDate "2020.10.29"]
[WhiteTeam "JHJ 6"]
[BlackTeam "KEGS Chelmsford"]

1. e4 e5 2. Nf3 f5 3. d3 Nc6 4. Nc3 Nf6 5. exf5 d5 6. d4 e4 7. Ne5 Bxf5 8. Nxc6
bxc6 9. Be3 Bb4 10. Bd2 O-O 11. Be2 Qe7 12. O-O Bxc3 13. Bxc3 e3 14. f3 Rae8
15. Qe1 Bxc2 16. Bb4 Qf7 17. Bxf8 Rxf8 18. Qc3 Bf5 19. Qxe3 Re8 20. Qf2 Nh5 21.
g4 Qg6 22. Kh1 Nf4 23. gxf5 Qxf5 24. Bd1 Nd3 25. Qc2 Re3 26. Qxc6 Qg6 27. Qxd5+
Kf8 28. Qd8+ Re8 29. Qxc7 Re1 30. Rxe1 Nf2# 0-1

[Event "Junior Online 4NCL Division 4"]
[Site "online"]
[Date "2020.10.29"]
[Round "6.113"]
[White "Badhrinath, Adhvaith B"]
[Black "Cancedda-Dupuis, Livio"]
[Result "0-1"]
[WhiteElo "1232"]
[BlackElo "1180"]
[PlyCount "108"]
[EventDate "2020.10.29"]
[WhiteTeam "KEGS Chelmsford"]
[BlackTeam "JHJ 6"]

1. e4 e5 2. Nf3 Nc6 3. Bc4 Bc5 4. Nc3 Nf6 5. d3 d6 6. Bg5 h6 7. Bxf6 Qxf6 8.
Nd5 Qd8 9. O-O Bg4 10. h3 Bh5 11. Re1 Nd4 12. Re3 Nxf3+ 13. Rxf3 Bxf3 14. Qxf3
O-O 15. Ne3 Bxe3 16. Qxe3 c6 17. d4 Qf6 18. d5 c5 19. Be2 Qg5 20. Qxg5 hxg5 21.
g3 f5 22. exf5 Rxf5 23. g4 Rf6 24. Re1 Raf8 25. f3 b6 26. Kg2 Rf4 27. Rf1 e4
28. fxe4 Rxe4 29. Rxf8+ Kxf8 30. Bf3 Rd4 31. c3 Rd2+ 32. Kg3 Rxb2 33. a4 Rb3
34. c4 Rb4 35. h4 gxh4+ 36. Kxh4 Rxc4 37. Kh5 Rxa4 38. g5 Rf4 39. Bg4 Rxg4 40.
Kxg4 a5 41. Kh5 a4 42. Kg6 a3 43. Kf5 Kf7 44. g6+ Ke7 45. Kg5 a2 46. Kh5 a1=Q
47. Kg5 Qe5+ 48. Kg4 c4 49. Kh4 c3 50. Kg4 c2 51. Kh4 c1=Q 52. Kh3 Qh1+ 53. Kg4
Qg2+ 54. Kh4 Qeg5# 0-1

[Event "Junior Online 4NCL Division 4"]
[Site "online"]
[Date "2020.10.29"]
[Round "6.115"]
[White "Nilim, Armaan"]
[Black "Smith, Ryan S"]
[Result "0-1"]
[WhiteElo "1285"]
[BlackElo "1765"]
[PlyCount "62"]
[EventDate "2020.10.29"]
[WhiteTeam "JHJ 6"]
[BlackTeam "KEGS Chelmsford"]

1. d4 Nf6 2. Nc3 d5 3. g3 Bf5 4. Bg5 e6 5. Bxf6 Qxf6 6. Bg2 Nc6 7. h4 Nxd4 8.
Rc1 O-O-O 9. e3 Nc6 10. Nf3 Bb4 11. Qd2 e5 12. Kf1 d4 13. exd4 exd4 14. Rd1
dxc3 15. Qxd8+ Rxd8 16. Rxd8+ Qxd8 17. bxc3 Qd1+ 18. Ne1 Bxc3 19. Kg1 Qxe1+ 20.
Kh2 Qxf2 21. Rf1 Qxc2 22. Kh1 Be4 23. Rg1 Be5 24. Bxe4 Qxe4+ 25. Kh2 Nd4 26.
Kh3 Ne2 27. Rf1 f5 28. Kh2 Bxg3+ 29. Kh3 Qg4+ 30. Kg2 Bxh4+ 31. Kh1 Qh3# 0-1

[Event "Junior Online 4NCL Division 4"]
[Site "online"]
[Date "2020.10.29"]
[Round "6.116"]
[White "Caves, Fraser"]
[Black "Pipalia, Rishi"]
[Result "1-0"]
[WhiteElo "1427"]
[BlackElo "1202"]
[PlyCount "65"]
[EventDate "2020.10.29"]
[WhiteTeam "KEGS Chelmsford"]
[BlackTeam "JHJ 6"]

1. e4 e5 2. f4 d6 3. Nf3 Nc6 4. Nc3 exf4 5. Bc4 Be6 6. Bxe6 fxe6 7. d4 Nf6 8.
Bxf4 Be7 9. e5 dxe5 10. dxe5 Qxd1+ 11. Rxd1 Nh5 12. Bg3 O-O 13. O-O Nxg3 14.
hxg3 Bc5+ 15. Kh1 Rf5 16. Rd7 Nxe5 17. Rxc7 Nxf3 18. gxf3 b6 19. Ne4 Bd4 20. c3
Be5 21. f4 Bxc7 22. Ng5 e5 23. Ne6 Bb8 24. Rd1 exf4 25. Rd8+ Kf7 26. Nxf4 Bxf4
27. Rxa8 b5 28. Rxa7+ Kg6 29. gxf4 Rxf4 30. Ra6+ Kf7 31. Ra7+ Kf6 32. Ra8 Rf2
33. Rf8+ 1-0

[Event "Junior Online 4NCL Division 4"]
[Site "online"]
[Date "2020.10.29"]
[Round "6.117"]
[White "Cancedda-Dupuis, Livio"]
[Black "Badhrinath, Adhvaith B"]
[Result "0-1"]
[WhiteElo "1180"]
[BlackElo "1232"]
[PlyCount "104"]
[EventDate "2020.10.29"]
[WhiteTeam "JHJ 6"]
[BlackTeam "KEGS Chelmsford"]

1. e4 e5 2. Nf3 Nc6 3. Bc4 Nd4 4. Nxd4 exd4 5. O-O Nf6 6. e5 Ne4 7. Qf3 d5 8.
exd6 Nxd6 9. Re1+ Be7 10. Bb3 O-O 11. c3 Bg5 12. d3 Bxc1 13. Rxc1 Re8 14. Nd2
dxc3 15. bxc3 Be6 16. Re1 Bxb3 17. axb3 c6 18. Ne4 b5 19. Re2 f5 20. Nxd6 Qxd6
21. Rae1 Rxe2 22. Qxe2 Qg6 23. Qe6+ Qxe6 24. Rxe6 Rd8 25. d4 c5 26. Re1 cxd4
27. Rd1 Re8 28. Kf1 dxc3 29. Rc1 b4 30. Ra1 Rd8 31. Rxa7 Rd2 32. Ra1 c2 33. Rc1
Rd1+ 34. Ke2 Rxc1 35. Kd2 Rh1 36. Kxc2 Rxh2 37. Kd3 Rxg2 38. Kc4 Rxf2 39. Kxb4
h5 40. Kb5 h4 41. Ka6 h3 42. b4 h2 43. b5 h1=Q 44. b6 Qa8+ 45. Kb5 g5 46. b7
Qxb7+ 47. Kc4 g4 48. Kc5 g3 49. Kc4 g2 50. Kc5 g1=Q 51. Kd6 Qe1 52. Kc5 Qeb4#
0-1

[Event "Junior Online 4NCL Division 4"]
[Site "online"]
[Date "2020.10.29"]
[Round "6.118"]
[White "Siriwardana, Dinil"]
[Black "Pipalia, Ayush"]
[Result "1-0"]
[WhiteElo "1292"]
[BlackElo "1127"]
[PlyCount "73"]
[EventDate "2020.10.29"]
[WhiteTeam "KEGS Chelmsford"]
[BlackTeam "JHJ 6"]

1. e4 c5 2. Bc4 d6 3. Nf3 h6 4. O-O Bd7 5. d4 b5 6. Bd5 Bc6 7. Bxc6+ Nxc6 8. d5
Nb8 9. Nc3 a6 10. a3 e6 11. Be3 exd5 12. Qxd5 Nd7 13. b4 cxb4 14. axb4 Ngf6 15.
Qc6 Rc8 16. Qxa6 Rxc3 17. Qxb5 Rxc2 18. Nd4 Rc8 19. Nc6 Qc7 20. Rfc1 Nxe4 21.
Ne7 Bxe7 22. Rxc7 Rxc7 23. Ra8+ Rc8 24. Rxc8+ Bd8 25. Bb6 Nc3 26. Rxd8+ Ke7 27.
Qxd7+ Kf6 28. Bd4+ Kg5 29. Rxh8 Ne2+ 30. Kf1 Nxd4 31. Qxd6 Nf5 32. Qd5 g6 33.
Rf8 f6 34. b5 Kg4 35. Rxf6 Kg5 36. Rxf5+ Kg4 37. Qe4# 1-0

[Event "Junior Online 4NCL Division 4"]
[Site "online"]
[Date "2020.10.29"]
[Round "6.121"]
[White "Jowell, Leo"]
[Black "Toth, Nandor"]
[Result "1-0"]
[WhiteElo "1172"]
[BlackElo "1172"]
[PlyCount "57"]
[EventDate "2020.10.29"]
[WhiteTeam "May The Fork Be With You 5"]
[BlackTeam "St James Primary"]

1. d4 d5 2. c4 e6 3. Nc3 c6 4. Bf4 Nf6 5. Nf3 Bd7 6. Qc2 Bb4 7. e3 Ne4 8. Bd3
Nxc3 9. bxc3 Be7 10. O-O Na6 11. Rab1 b6 12. cxd5 Nc7 13. d6 Bxd6 14. Bxd6 b5
15. Bxc7 Qxc7 16. Bxh7 f5 17. Bg6+ Ke7 18. e4 Rh6 19. Ne5 Rah8 20. h3 c5 21.
Rfe1 cxd4 22. Rbc1 Qxe5 23. cxd4 Qf6 24. exf5 Qg5 25. Qc7 Rxh3 26. Rxe6+ Kf8
27. Qc8+ Bxc8 28. Rxc8+ Qd8 29. Rxd8# 1-0

[Event "Junior Online 4NCL Division 4"]
[Site "online"]
[Date "2020.10.29"]
[Round "6.122"]
[White "Harle Smith, Joseph"]
[Black "Durling, Charlie"]
[Result "0-1"]
[WhiteElo "1030"]
[BlackElo "1127"]
[PlyCount "60"]
[EventDate "2020.10.29"]
[WhiteTeam "St James Primary"]
[BlackTeam "May The Fork Be With You 5"]

1. e4 e6 2. Nf3 d5 3. exd5 exd5 4. Qe2+ Be7 5. d4 Nf6 6. g3 O-O 7. Bg2 Re8 8.
O-O Nc6 9. Ne5 Nxd4 10. Qd3 Bc5 11. Nf3 Bf5 12. Qd1 Nxc2 13. Bh3 Bxh3 14. Bg5
Nxa1 15. Nc3 Bxf1 16. Nh4 Bd3 17. Qxd3 Re1+ 18. Kg2 d4 19. Qf3 dxc3 20. bxc3
Ne4 21. Bxd8 Rxd8 22. Qf5 Bxf2 23. Nf3 Re2 24. Qf4 Be3+ 25. Kf1 Rf2+ 26. Ke1
Bxf4 27. Nd2 Bxd2+ 28. Kd1 Bxc3+ 29. Kc1 Rc2+ 30. Kb1 Rd1# 0-1

[Event "Junior Online 4NCL Division 4"]
[Site "online"]
[Date "2020.10.29"]
[Round "6.123"]
[White "Sharma, Krish"]
[Black "James, Arjun"]
[Result "1-0"]
[WhiteElo "1150"]
[BlackElo "962"]
[PlyCount "71"]
[EventDate "2020.10.29"]
[WhiteTeam "May The Fork Be With You 5"]
[BlackTeam "St James Primary"]

1. d4 e5 2. d5 c6 3. d6 Bxd6 4. Qxd6 f6 5. e4 Na6 6. Bc4 Ne7 7. Qd1 b5 8. Bb3
Nc5 9. Be3 Nxb3 10. axb3 a5 11. Nc3 b4 12. Na4 d6 13. Nf3 Ba6 14. Bb6 Qb8 15.
c4 bxc3 16. bxc3 c5 17. c4 Bc8 18. O-O Bd7 19. Rb1 Nc8 20. Qd2 Nxb6 21. Nxb6
Qxb6 22. Rfd1 Ra6 23. Qd5 h5 24. Nh4 Rh6 25. Qg8+ Ke7 26. Qxg7+ Ke6 27. Qxh6 a4
28. bxa4 Qc6 29. f3 Qxa4 30. Qh8 Ra8 31. Qxh5 Qxc4 32. Qf5+ Ke7 33. Ng6+ Kd8
34. Qxf6+ Kc7 35. Qxd6+ Kd8 36. Qxd7# 1-0

[Event "Junior Online 4NCL Division 4"]
[Site "online"]
[Date "2020.10.29"]
[Round "6.124"]
[White "Morina, Ardit"]
[Black "Tager, Maya"]
[Result "0-1"]
[WhiteElo "1000"]
[BlackElo "1075"]
[PlyCount "72"]
[EventDate "2020.10.29"]
[WhiteTeam "St James Primary"]
[BlackTeam "May The Fork Be With You 5"]

1. e4 e5 2. Nf3 Nc6 3. Bc4 Be7 4. Nc3 Nf6 5. O-O Nxe4 6. d3 Nxc3 7. bxc3 O-O 8.
h3 d5 9. Bb3 a5 10. c4 a4 11. cxd5 axb3 12. cxb3 Nb4 13. Bd2 Nxd5 14. Nxe5 f6
15. Nf3 Qe8 16. Re1 Qg6 17. d4 Bxh3 18. g3 Bd6 19. Kh2 Bg4 20. Nh4 Bxd1 21.
Nxg6 hxg6 22. Rexd1 Kf7 23. Kg2 Nb6 24. Re1 Rfe8 25. Rxe8 Rxe8 26. a3 f5 27. b4
Na4 28. Rb1 Re2 29. Bg5 Nc3 30. Rc1 Ne4 31. Kh3 Nxg5+ 32. Kg2 Ne4 33. Kh3 Rxf2
34. Rb1 Nxg3 35. a4 Ne4 36. b5 Rh2# 0-1

[Event "Junior Online 4NCL Division 4"]
[Site "online"]
[Date "2020.10.29"]
[Round "6.125"]
[White "Toth, Nandor"]
[Black "Jowell, Leo"]
[Result "1-0"]
[WhiteElo "1172"]
[BlackElo "1172"]
[PlyCount "103"]
[EventDate "2020.10.29"]
[WhiteTeam "St James Primary"]
[BlackTeam "May The Fork Be With You 5"]

1. e4 c5 2. c3 g6 3. d4 cxd4 4. cxd4 Bg7 5. Nf3 Nc6 6. d5 Nb4 7. a3 Na6 8. Nc3
e6 9. dxe6 dxe6 10. Qxd8+ Kxd8 11. Bxa6 bxa6 12. Be3 Bb7 13. O-O Bxc3 14. bxc3
Bxe4 15. Rfd1+ Ke7 16. Rd4 Nf6 17. Bg5 Bxf3 18. gxf3 h6 19. Bxf6+ Kxf6 20. Re1
Rac8 21. Re3 e5 22. Rd6+ Kf5 23. Rxa6 Rc7 24. Ra5 Re8 25. f4 f6 26. fxe5 fxe5
27. Kg2 Rce7 28. Kg3 h5 29. f4 g5 30. fxe5 Rxe5 31. Raxe5+ Rxe5 32. Rxe5+ Kxe5
33. Kf3 Kf5 34. c4 g4+ 35. Ke3 h4 36. c5 Ke5 37. c6 Kd6 38. c7 Kxc7 39. Kf4 Kb6
40. Kxg4 Kb5 41. Kxh4 Ka4 42. Kg4 Kxa3 43. h4 Kb4 44. h5 a5 45. h6 a4 46. h7 a3
47. h8=Q a2 48. Qa1 Kb3 49. Kf3 Ka3 50. Ke3 Kb3 51. Kd3 Ka3 52. Kc4 1-0

[Event "Junior Online 4NCL Division 4"]
[Site "online"]
[Date "2020.10.29"]
[Round "6.126"]
[White "Durling, Charlie"]
[Black "Harle Smith, Joseph"]
[Result "1-0"]
[WhiteElo "1127"]
[BlackElo "1030"]
[PlyCount "49"]
[EventDate "2020.10.29"]
[WhiteTeam "May The Fork Be With You 5"]
[BlackTeam "St James Primary"]

1. d4 d5 2. c4 dxc4 3. e4 c5 4. Bxc4 cxd4 5. Nf3 Nc6 6. O-O Nf6 7. Nc3 e5 8.
Nd5 Nxe4 9. Re1 Nc5 10. Nxe5 Bd6 11. Nxc6+ Qe7 12. Ncxe7 Be6 13. Nf5 O-O 14.
Nxd6 Rad8 15. Ne7+ Kh8 16. Bxe6 Nxe6 17. Nxb7 Rd7 18. Na5 Rxe7 19. b3 Rfe8 20.
Nc6 Rc7 21. Nxd4 Rce7 22. Nc6 Rc7 23. Nd8 Rxd8 24. Qxd8+ Nxd8 25. Re8# 1-0

[Event "Junior Online 4NCL Division 4"]
[Site "online"]
[Date "2020.10.29"]
[Round "6.127"]
[White "James, Arjun"]
[Black "Sharma, Krish"]
[Result "1-0"]
[WhiteElo "962"]
[BlackElo "1150"]
[PlyCount "65"]
[EventDate "2020.10.29"]
[WhiteTeam "St James Primary"]
[BlackTeam "May The Fork Be With You 5"]

1. d4 c6 2. c4 d5 3. Nf3 Nf6 4. e3 Nbd7 5. cxd5 cxd5 6. Bd3 Nb6 7. O-O Bg4 8.
Bd2 e6 9. a4 Bd6 10. a5 Nbd7 11. a6 b6 12. Nc3 O-O 13. h3 Bh5 14. Nb5 Be7 15.
Qc2 Rc8 16. Qb1 Bxf3 17. gxf3 Nh5 18. Nxa7 Ra8 19. Bxh7+ Kh8 20. Nc6 Qe8 21.
Bc2 Bd6 22. a7 f6 23. Bg6 Qc8 24. Rc1 Qc7 25. Bxh5 Bh2+ 26. Kg2 f5 27. Ne5 Bxe5
28. Rxc7 Bxc7 29. Qc2 Bd8 30. Qc6 Nf6 31. Qxa8 Nxh5 32. Qc8 Re8 33. a8=Q 1-0

[Event "Junior Online 4NCL Division 4"]
[Site "online"]
[Date "2020.10.29"]
[Round "6.128"]
[White "Tager, Maya"]
[Black "Morina, Ardit"]
[Result "0-1"]
[WhiteElo "1075"]
[BlackElo "1000"]
[PlyCount "82"]
[EventDate "2020.10.29"]
[WhiteTeam "May The Fork Be With You 5"]
[BlackTeam "St James Primary"]

1. e4 e5 2. Nf3 Nc6 3. Bc4 Bc5 4. O-O Nf6 5. d3 h6 6. c3 Na5 7. b4 Nxc4 8. bxc5
Na5 9. Re1 O-O 10. Ba3 Nc6 11. d4 d6 12. dxe5 dxe5 13. Qxd8 Rxd8 14. Bc1 b6 15.
cxb6 cxb6 16. Nbd2 Bg4 17. h3 Be6 18. a4 a6 19. c4 b5 20. cxb5 axb5 21. Bb2
bxa4 22. Red1 Nb4 23. Bxe5 Nc2 24. Rac1 Nb4 25. Bxf6 gxf6 26. Nf1 Rxd1 27. Rxd1
Bb3 28. Rd4 Nc2 29. Rd6 Bc4 30. Rxf6 a3 31. Rc6 Bxf1 32. Kxf1 Nb4 33. Rc1 a2
34. g4 a1=Q 35. Rxa1 Rxa1+ 36. Kg2 Nd3 37. Kg3 Ra4 38. h4 Rxe4 39. g5 hxg5 40.
Nxg5 Rb4 41. f4 Nxf4 0-1

[Event "Junior Online 4NCL Division 4"]
[Site "online"]
[Date "2020.10.29"]
[Round "6.131"]
[White "Rupf, Oscar"]
[Black "Anchan, Anirudh"]
[Result "1-0"]
[WhiteElo "1405"]
[BlackElo "1082"]
[PlyCount "139"]
[EventDate "2020.10.29"]
[WhiteTeam "Barnet Knights C"]
[BlackTeam "Maidenhead Juniors 2"]

1. e4 e5 2. Nf3 Nc6 3. d4 d6 4. dxe5 Bg4 5. exd6 Bxd6 6. h3 Bb4+ 7. c3 Qxd1+ 8.
Kxd1 Bxf3+ 9. gxf3 O-O-O+ 10. Bd2 Be7 11. Kc2 g6 12. Bd3 Nf6 13. Bg5 h6 14.
Bxf6 Bxf6 15. Nd2 Ne5 16. Be2 h5 17. Rad1 Nc6 18. Nb3 Rxd1 19. Rxd1 Bh4 20. Rf1
Rd8 21. Bb5 Ne5 22. f4 Nf3 23. a4 Nh2 24. Rg1 Nf3 25. Rf1 Nh2 26. Rh1 Nf3 27.
Rd1 Rxd1 28. Kxd1 Nh2 29. Ke2 c6 30. Bc4 f5 31. exf5 gxf5 32. Be6+ Kc7 33. Bxf5
Be7 34. Bg6 h4 35. f5 Bf6 36. f4 a6 37. Kf2 b5 38. axb5 axb5 39. Kg2 b4 40.
cxb4 Bxb2 41. Kxh2 Bg7 42. Kg2 Bh6 43. Kf3 Bg7 44. Kg4 Bf6 45. Kh5 Bd8 46. Bf7
Be7 47. Na5 Kd6 48. Kg6 Kd7 49. f6 Bd8 50. Nxc6 Kxc6 51. Bc4 Kd7 52. f7 Be7 53.
b5 Kc7 54. Kg7 Kd7 55. f8=Q Bxf8+ 56. Kxf8 Kc7 57. f5 Kd6 58. f6 Kd7 59. f7 Kd8
60. Kg7 Kc7 61. f8=Q Kb6 62. Qf2+ Kc7 63. Qxh4 Kb6 64. Qf6+ Kb7 65. h4 Kc7 66.
Qc6+ Kd8 67. Qb7 Ke8 68. Kf6 Kd8 69. Ke6 Ke8 70. Qe7# 1-0

[Event "Junior Online 4NCL Division 4"]
[Site "online"]
[Date "2020.10.29"]
[Round "6.132"]
[White "Adhikari, Aanya"]
[Black "Bracken, Layla"]
[Result "1/2-1/2"]
[WhiteElo "1015"]
[BlackElo "1405"]
[PlyCount "96"]
[EventDate "2020.10.29"]
[WhiteTeam "Maidenhead Juniors 2"]
[BlackTeam "Barnet Knights C"]

1. e4 e5 2. Nf3 Nc6 3. d4 exd4 4. Nxd4 Nf6 5. Nxc6 bxc6 6. Nc3 d5 7. Bg5 Bb4 8.
e5 d4 9. exf6 dxc3 10. fxg7 Qxd1+ 11. Rxd1 cxb2+ 12. Bd2 Bxd2+ 13. Kxd2 Rg8 14.
Re1+ Kd7 15. Kc3 Rb8 16. Rd1+ Ke6 17. Rb1 Rxg7 18. Bc4+ Kd6 19. Rhd1+ Ke5 20.
Re1+ Kd6 21. g3 Bf5 22. Rxb2 Rxb2 23. Kxb2 Rg4 24. Rd1+ Ke7 25. Be2 Re4 26. Bf3
Rb4+ 27. Kc3 Rb6 28. Re1+ Kd6 29. Re3 Ra6 30. Kb2 Ra5 31. g4 Be6 32. Rd3+ Ke5
33. Bxc6 Rxa2+ 34. Kc3 Ra6 35. Bf3 f5 36. gxf5 Bxf5 37. Re3+ Kf4 38. Kd2 Ra2
39. Rc3 a5 40. Bg2 h6 41. Rxc7 Ra1 42. Rc4+ Ke5 43. Rc5+ Kf4 44. Rd5 Rg1 45.
Rd4+ Ke5 46. Rd5+ Kf4 47. Rd4+ Ke5 48. Rd5+ Kf4 1/2-1/2

[Event "Junior Online 4NCL Division 4"]
[Site "online"]
[Date "2020.10.29"]
[Round "6.134"]
[White "Sridhar, Siddarth Iyer"]
[Black "Zhou, Sansan"]
[Result "1/2-1/2"]
[WhiteElo "842"]
[BlackElo "1337"]
[PlyCount "126"]
[EventDate "2020.10.29"]
[WhiteTeam "Maidenhead Juniors 2"]
[BlackTeam "Barnet Knights C"]

1. e4 e5 2. Nf3 Nc6 3. Bc4 Bc5 4. O-O Nf6 5. Ng5 O-O 6. Nc3 d6 7. d3 h6 8. Nf3
Bg4 9. h3 Bh5 10. Be3 Bd4 11. Bxd4 Nxd4 12. g4 Bg6 13. Nxd4 exd4 14. Nd5 Nxd5
15. Bxd5 c6 16. Bb3 Qg5 17. f3 h5 18. Qe2 hxg4 19. fxg4 Rfe8 20. Qf2 d5 21.
exd5 cxd5 22. Qxd4 Qe3+ 23. Qxe3 Rxe3 24. Kg2 Rae8 25. Bxd5 Re2+ 26. Kg3 Rxc2
27. Rab1 Re3+ 28. Kh4 Rh2 29. Rh1 Rxh1 30. Rxh1 Rxd3 31. Bxb7 Rd2 32. Rb1 Bxb1
33. b4 Bxa2 34. b5 f6 35. Bc6 Bd5 36. Bd7 Bb7 37. Bf5 Rb2 38. Be6+ Kf8 39. Bd7
g5+ 40. Kh5 Rh2 41. Kg6 Rxh3 42. Kxf6 Rf3+ 43. Kxg5 Rf5+ 44. gxf5 Ke7 45. Be6
Be4 46. Kf4 Bb7 47. Ke5 Bg2 48. f6+ Kf8 49. Bd7 Kf7 50. Be6+ Kf8 51. f7 Bf1 52.
Bd7 Ke7 53. Bc6 Kxf7 54. Kd5 Kg7 55. Kd6 Kf6 56. Kc5 Ke7 57. Kb4 Kd6 58. Ka5
Kc7 59. Ka6 Kb8 60. Bd7 Ka8 61. Bc6+ Kb8 62. Bb7 Be2 63. Bc6 Bf1 1/2-1/2

[Event "Junior Online 4NCL Division 4"]
[Site "online"]
[Date "2020.10.29"]
[Round "6.135"]
[White "Anchan, Anirudh"]
[Black "Rupf, Oscar"]
[Result "1-0"]
[WhiteElo "1082"]
[BlackElo "1405"]
[PlyCount "39"]
[EventDate "2020.10.29"]
[WhiteTeam "Maidenhead Juniors 2"]
[BlackTeam "Barnet Knights C"]

1. e4 e6 2. Nf3 d5 3. e5 c5 4. Bb5+ Nc6 5. Bxc6+ bxc6 6. O-O Ba6 7. d3 Qb6 8.
Nc3 Ne7 9. Bg5 Ng6 10. Na4 Qb5 11. b3 h6 12. Bh4 Be7 13. Bxe7 Kxe7 14. c4 dxc4
15. dxc4 Qa5 16. Qd6+ Ke8 17. Qxc6+ Ke7 18. Rfd1 Rhd8 19. Qxc5+ Ke8 20. Qxa5
1-0

[Event "Junior Online 4NCL Division 4"]
[Site "online"]
[Date "2020.10.29"]
[Round "6.136"]
[White "Bracken, Layla"]
[Black "Adhikari, Aanya"]
[Result "1-0"]
[WhiteElo "1405"]
[BlackElo "1015"]
[PlyCount "135"]
[EventDate "2020.10.29"]
[WhiteTeam "Barnet Knights C"]
[BlackTeam "Maidenhead Juniors 2"]

1. e4 c5 2. b3 d6 3. Bb2 Nc6 4. Nf3 Nf6 5. Nc3 e5 6. Bb5 Bd7 7. h3 a6 8. Bc4 b5
9. Bd5 b4 10. Ne2 Nxd5 11. exd5 Ne7 12. c4 Ng6 13. O-O Qf6 14. Ng3 Be7 15. d3
O-O 16. Qd2 Nh4 17. Nxh4 Qxh4 18. Qe3 Qf6 19. Qe4 Qg5 20. Bc1 Qf6 21. Nh5 Qh4
22. Qxh4 Bxh4 23. f4 Be7 24. f5 f6 25. g4 Be8 26. Ng3 a5 27. Ne4 a4 28. Bd2
axb3 29. axb3 Rxa1 30. Rxa1 Bd7 31. Ra7 Rd8 32. Ra6 Re8 33. Nxd6 Bxd6 34. Rxd6
Bc8 35. Rc6 Bd7 36. Rxc5 e4 37. dxe4 Rxe4 38. Rc7 Re7 39. Bxb4 Rf7 40. Kf2 g6
41. Ke3 gxf5 42. gxf5 h6 43. c5 Bxf5 44. Rxf7 Kxf7 45. d6 Bd7 46. Kd4 Ke6 47.
Bd2 h5 48. b4 f5 49. Bg5 Bc6 50. h4 Bd7 51. Bf4 Bc6 52. Kc4 Bd7 53. b5 Kf7 54.
c6 Bc8 55. d7 Bxd7 56. cxd7 Ke7 57. b6 Kxd7 58. b7 Kc6 59. b8=Q Kd7 60. Qd6+
Ke8 61. Qc7 Kf8 62. Qd7 Kg8 63. Qe7 Kh8 64. Kd5 Kg8 65. Ke6 Kh8 66. Kxf5 Kg8
67. Kg6 Kh8 68. Qh7# 1-0

[Event "Junior Online 4NCL Division 4"]
[Site "online"]
[Date "2020.10.29"]
[Round "6.138"]
[White "Zhou, Sansan"]
[Black "Sridhar, Siddarth Iyer"]
[Result "0-1"]
[WhiteElo "1337"]
[BlackElo "842"]
[PlyCount "58"]
[EventDate "2020.10.29"]
[WhiteTeam "Barnet Knights C"]
[BlackTeam "Maidenhead Juniors 2"]

1. e4 e5 2. Nf3 Nc6 3. Bc4 Nd4 4. Nxd4 exd4 5. Qf3 Nf6 6. c3 c6 7. e5 d5 8. Bb3
Ne4 9. c4 Be6 10. cxd5 Bxd5 11. Bxd5 Qxd5 12. d3 Nc5 13. Qxd5 cxd5 14. b4 Nxd3+
15. Ke2 Nxe5 16. a3 Bd6 17. Bf4 d3+ 18. Kd2 Nc4+ 19. Kxd3 Bxf4 20. Re1+ Ne5+
21. Kd4 f6 22. Kxd5 Rd8+ 23. Ke4 Ng6 24. Kf5+ Be5 25. Ra2 O-O 26. a4 Rd5 27.
Kg4 Rd4+ 28. Kf3 Rxb4 29. g3 a5 0-1